000 01447cam a22004094i 4500
003 PE-LiUPU
005 20250731184117.0
008 150706s2009 nyu r 000 0 eng d
020 _a9780061724497
035 _a(Sirsi) i9780061724497
040 _aPE-LiUPU
_bspa
_cPE-LiUPU
_erda
049 _aPRUA
082 0 4 _a823.914
_bW62
_221
100 1 _aWhitman, Emily,
_eautor.
245 1 0 _aRadiant darkness /
_cEmily Whitman.
264 1 _aNew York :
_bGreenwillow Books,
_c2009.
300 _a274 páginas ;
_c22 centimetros
336 _atext
_2rdacontent
337 _aunmediated
_2rdamedia
338 _avolume
_2rdacarrier
526 _aP145
526 _aP127
526 _aP97
526 _aP14
526 _aP07
541 _g181-0071350;
650 0 4 _aPerséfone (deidad griega)
_vNovela.
650 0 4 _aHades (deidad griega)
_vNovela.
650 0 4 _aDemeter (deidad griega)
_vNovela.
650 0 4 _aMitología Griega
_vNovela.
910 _agl
_cjck
_d20131016
942 _2ddc
_cBOOK
949 _a823.914 W62
_wDEWEY
_c1
_i68664
_lCCODEBUL1
_mBUL
_p22.00
_r0
_sY
_tBOOK
_u2015-7-6
_xFCE
_zAGB
_o.STAFF. Colección General
994 _aC0
_bPEPRU
596 _a1
999 _a823.914 W62
_wDEWEY
_c55943
_i68664
_d55943
_e2015-10-2
_f2021-11-5
_g6
_lCCODEBUL1
_mBUL
_n1
_p22.00
_q1
_r0
_sY
_tBOOK
_u2015-7-6
_xBIBLIOTECA
_zAGB
_0COMPRA
_o.STAFF. Colección General
980 _81
_gALBERTO SANCHEZ Responsable de Automatización